| 000 | 00855cam a2200205 4500 | ||
|---|---|---|---|
| 001 | WB3723-25 | ||
| 008 | 000000n2001 000 0 eng u | ||
| 035 | _a(Sirsi) u113070 | ||
| 245 | _aFree membership drive to save OEA self-regulation | ||
| 260 | _c2001 | ||
| 490 |
_aEstates Gazette _v(0123) 9 June 2001, 46(1) |
||
| 520 | _aThe Ombudsman for Estate Agents scheme is to offer free membership in order to recruit agents in order to avoid government legislation on a code of practice for estate agents which includes a means of independent redress for complaints. See also WB3722-15 and http://www.ricsonline.org | ||
| 590 | _aWB | ||
| 650 | _aESTATE AGENTS | ||
| 650 | _aCODE OF PRACTICE | ||
| 650 | _aSELF-REGULATION | ||
| 650 | _aOMBUDSMAN FOR ESTATE AGENTS | ||
| 690 | _aMANAGEMENT-BUSINESS MANAGEMENT-PROFESSIONAL PRACTICE | ||
| 942 | _n0 | ||
| 999 |
_c67308 _d67308 |
||